Normal view
MARC view
- Orphans. Family.
Entry Topical Term
001 - CONTROL NUMBER
- control field: 87300
003 - CONTROL NUMBER IDENTIFIER
- control field: OSt
005 - DATE AND TIME OF LATEST TRANSACTION
- control field: 20260324103356.0
008 - FIXED-LENGTH DATA ELEMENTS
- fixed length control field: 260324|| aca||aabn | a|a d
040 ## - CATALOGING SOURCE
- Original cataloging agency: OSt
- Transcribing agency: OSt
150 ## - HEADING--TOPICAL TERM
- Topical term or geographic name as entry element: Orphans. Family.
- Form subdivision: Fiction. Juvenile Fiction.
- Geographic subdivision: Paris
670 ## - SOURCE DATA FOUND
- Source citation: Work cat.: (OSt)50290: Rundell, Katherine, author. 87282, Rooftoppers /, 2020.